ბათუმის შოთა რუსთაველის სახელმწიფო უნივერსიტეტის ბიბლიოთეკა

О природе вещей / (ბიბ.ჩანაწერი № 60810)

000 -LEADER
fixed length control field 00634nam a22001577a 4500
005 - DATE AND TIME OF LATEST TRANSACTION
control field 20231024160508.0
008 - FIXED-LENGTH DATA ELEMENTS--GENERAL INFORMATION
fixed length control field 231024s1983 ru ||||| |||| 00| 0 rus d
041 ## - LANGUAGE CODE
Language code of text/sound track or separate title rus
080 ## - UNIVERSAL DECIMAL CLASSIFICATION NUMBER
Universal Decimal Classification number 821.124(37)-13 Л-84
100 ## - MAIN ENTRY--PERSONAL NAME
Personal name Лукреций, Кар Тит
9 (RLIN) 20221
245 ## - TITLE STATEMENT
Title О природе вещей /
Statement of responsibility, etc. КарТит Лукреций; перевод с латинского Ф. Петровского.
264 ## - PRODUCTION, PUBLICATION, DISTRIBUTION, MANUFACTURE, AND COPYRIGHT NOTICE
Place of production, publication, distribution, manufacture Москва :
Name of producer, publisher, distributor, manufacturer Художественная литература,
Date of production, publication, distribution, manufacture, or copyright notice 1983.
300 ## - PHYSICAL DESCRIPTION
Extent 383 стр.;
Other physical details 20 см.
653 ## - INDEX TERM--UNCONTROLLED
keyword საგნების ბუნების შესახებ
942 ## - ADDED ENTRY ELEMENTS (KOHA)
Source of classification or shelving scheme
Koha item type წიგნი
ეგზემპლარები
Withdrawn status Lost status Source of classification or shelving scheme Damaged status Not for loan Permanent Location Current Location Shelving location Date acquired Cost, normal purchase price Full call number Barcode Date last seen Copy number Uniform Resource Identifier Price effective from Koha item type Public note
          ბათუმის შოთა რუსთაველის სახელმწიფო უნივერსიტეტის მთავარი ბიბლიოთეკა ბათუმის შოთა რუსთაველის სახელმწიფო უნივერსიტეტის მთავარი ბიბლიოთეკა წიგნსაცავი 2023-10-24 6.00 821.124(37)-13 Л-84 65392 2023-10-24 65392 ბსუ-ს საპატიო დოქტორის გურამ ლორთქიფანიძის საჩუქარი 2023-10-24 წიგნი 6 ლ.